00352 a2200133 450000500170000002000180001708200150003510000180005024500270006825000120009526000400010730000500014770000210019720250618150956.0 a0-07-248259-1 a658.31 HEN aHENEMAN, G. H aStaffing Organizations a4th Ed. aNew YorkbMcGraw-Hill Irwin c2003. axv,728p.: ill.; figure, tablesbIndexc23.5cm aTimothy A. Judge